Volotea destinations 2025 - Statistics

General Stats
  • This quiz has been taken 42 times
  • The average score is 83 of 107
Answer Stats
Country Answer % Correct
Barcelona
96%
Bari
96%
Beauvais
96%
Bergamo
96%
Germany Berlin
96%
Belgium Charleroi
96%
Lisbon
96%
United Kingdom London (Gatwick)
96%
Luxembourg Luxembourg City
96%
Marrakesh
96%
Marseille
96%
Nice
96%
Paris (Orly)
96%
Porto
96%
Czechia Prague
96%
Rome (Fiumicino)
96%
Bulgaria Varna
96%
Austria Vienna
96%
Algeria Algiers
92%
Alicante
92%
Athens
92%
Bilbao
92%
Bordeaux
92%
Copenhagen
92%
Hamburg
92%
Lille
92%
Lyon
92%
Madrid
92%
Milan (Linate)
92%
Nantes
92%
Naples
92%
Palermo
92%
Seville
92%
Strasbourg
92%
Toulouse
92%
Valencia
92%
Venice
92%
Billund
88%
Bologna
88%
Brindisi
88%
Catania
88%
Croatia Dubrovnik
88%
Florence
88%
Malaga
88%
Malta Malta
88%
Split
88%
Turin
88%
Denmark Aalborg
83%
Morocco Agadir
83%
Corfu
83%
Olbia
83%
Palma de Mallorca
83%
Pisa
83%
Rhodes
83%
Tenerife
83%
Zakynthos
83%
Brest
79%
Cagliari
79%
Portugal Faro
79%
Fuerteventura
79%
Heraklion
79%
Ibiza
79%
Lanzarote
79%
Montpellier
79%
France Ajaccio
75%
Ancona
75%
Constantine
75%
Genoa
75%
Gran Canaria
75%
Menorca
75%
Mykonos
75%
Oran
75%
Zaragoza
75%
Spain A coruna
71%
Bastia
71%
Granada
71%
Kefalonia
71%
Murcia
71%
Rennes
71%
San Sebastian
71%
Santander
71%
Santorini
71%
Verona
71%
Italy Alghero
67%
Caen
67%
Calvi
67%
Figari
67%
Jerez de la Frontera
67%
Preveza/Lefkada
67%
Lourdes/Tarbes
63%
Salerno
63%
Asturias
58%
Castellon
58%
Skiathos
58%
Lampedusa
54%
Pantelleria
54%
Perpignan
54%
Karpathos
50%
Vitoria-Gasteiz
50%
Bejaia
42%
Setif
38%
Comiso
29%
Tlemcen
29%
Deauville
21%
Rodez
21%
Salamanca
17%
Greece Araxos
13%
No matching quizzes found
Score Distribution
Percent of People with Each Score
Percentile by Number Answered
Your Score History
You have not taken this quiz